[Event "GRE-ch U14"]
[Site "Rio Achaia"]
[Date "2015.06.29"]
[Round "5.17"]
[White "Papakonstantinou, Georgios"]
[Black "Kritsas, Vasileios"]
[Result "1/2-1/2"]
[WhiteElo "1389"]
[BlackElo "1298"]
[PlyCount "49"]
[EventDate "2015.06.26"]
[EventType "swiss"]
[EventRounds "9"]
[EventCountry "GRE"]
[SourceTitle "EXT 2024"]
[Source "ChessBase"]
[SourceDate "2023.10.10"]
[SourceVersion "1"]
[SourceVersionDate "2023.10.10"]
[SourceQuality "1"]

1. e4 e5 2. Nf3 Nc6 3. d4 exd4 4. Bc4 d6 5. Nxd4 Nf6 6. Nxc6 bxc6 7. Nc3 Be7 8. 0-0 0-0 9. Qe2 Re8 10. Be3 Bf8 11. Rfd1 Bg4 12. f3 Bh5 13. Qf2 Qc8 14. Rab1 a5 15. Bb3 Re7 16. Ba4 Qa6 17. Qg3 Kh8 18. Qf2 Rae8 19. Bg5 h6 20. Bxf6 gxf6 21. Qh4 Bg6 22. Qxf6+ Kh7 23. Qd4 Bg7 24. Qf2 f5 25. Re1 1/2-1/2

[Event "GRE-ch U14"]
[Site "Rio Achaia"]
[Date "2015.06.27"]
[Round "3.20"]
[White "Aggelopoulos, Konstantinos"]
[Black "Kritsas, Vasileios"]
[Result "1/2-1/2"]
[WhiteElo "1107"]
[BlackElo "1298"]
[PlyCount "104"]
[EventDate "2015.06.26"]
[EventType "swiss"]
[EventRounds "9"]
[EventCountry "GRE"]
[SourceTitle "EXT 2024"]
[Source "ChessBase"]
[SourceDate "2023.10.10"]
[SourceVersion "1"]
[SourceVersionDate "2023.10.10"]
[SourceQuality "1"]

1. c4 e5 2. Nc3 Nf6 3. g3 Nc6 4. Bg2 Bc5 5. d3 d6 6. Nf3 0-0 7. 0-0 h6 8. Nd2 Be6 9. Nde4 Nxe4 10. Bxe4 Bh3 11. Re1 f5 12. Bd5+ Kh8 13. Bd2 Qd7 14. Qc1 Rf6 15. Bg2 Bxg2 16. Kxg2 Raf8 17. Nd5 R6f7 18. b4 Bd4 19. Bc3 Bxc3 20. Qxc3 Nd4 21. e3 Ne6 22. Qb2 c6 23. Nc3 f4 24. Rf1 Ng5 25. Kg1 Qh3 26. f3 fxg3 27. f4 Qxh2+ 28. Qxh2 gxh2+ 29. Kxh2 exf4 30. exf4 Rxf4 31. Kg2 Rxf1 32. Rxf1 Rxf1 33. Kxf1 g6 34. b5 Kg7 35. a4 Kf6 36. a5 c5 37. a6 b6 38. Nd5+ Ke6 39. Nxb6 Ke7 40. Nc8+ Kd7 41. Nxa7 Kc7 42. b6+ Kxb6 43. Nc8+ Kxa6 44. Nxd6 Kb6 45. Nc8+ Kc7 46. Ne7 Kd6 47. Nxg6 Ke6 48. Nf4+ Ke5 49. Nh5 Ne6 50. Ke2 Kd4 51. Kd2 Ke5 52. Ke3 Kf5 1/2-1/2

[Event "GRE-ch U14"]
[Site "Rio Achaia"]
[Date "2015.06.27"]
[Round "2.14"]
[White "Kritsas, Vasileios"]
[Black "Makris, Spyridon Dionysios"]
[Result "0-1"]
[WhiteElo "1298"]
[BlackElo "1497"]
[PlyCount "42"]
[EventDate "2015.06.26"]
[EventType "swiss"]
[EventRounds "9"]
[EventCountry "GRE"]
[SourceTitle "EXT 2024"]
[Source "ChessBase"]
[SourceDate "2023.10.10"]
[SourceVersion "1"]
[SourceVersionDate "2023.10.10"]
[SourceQuality "1"]

1. d4 Nf6 2. Nf3 g6 3. Bf4 Bg7 4. e3 0-0 5. Bd3 d6 6. c3 Nbd7 7. 0-0 Re8 8. Bc2 h6 9. Qd2 Nb6 10. Bb3 Bf5 11. Qc1 Nbd7 12. e4 Bxe4 13. Bxh6 Bxf3 14. Bxg7 Kxg7 15. gxf3 e5 16. f4 Nh5 17. f5 Nf4 18. Kh1 Rh8 19. Qe3 Rxh2+ 20. Kxh2 Qh4+ 21. Kg1 Rh8 0-1

[Event "GRE-ch U12"]
[Site "Patras"]
[Date "2013.07.10"]
[Round "4.10"]
[White "Stefanatos, Gerasimos"]
[Black "Kritsas, Vasileios"]
[Result "1-0"]
[WhiteElo "1502"]
[BlackElo "1353"]
[PlyCount "75"]
[EventDate "2013.07.08"]
[EventType "swiss"]
[EventRounds "9"]
[EventCountry "GRE"]
[SourceTitle "EXT 2024"]
[Source "ChessBase"]
[SourceDate "2023.10.10"]
[SourceVersion "1"]
[SourceVersionDate "2023.10.10"]
[SourceQuality "1"]

1. e4 e5 2. Nf3 Nc6 3. Bb5 d6 4. 0-0 Nf6 5. d4 exd4 6. Nxd4 Bd7 7. Nc3 Be7 8. Re1 0-0 9. Bf1 h6 10. h3 Re8 11. Bf4 Qc8 12. Bh2 a6 13. a4 Bd8 14. f4 Qb8 15. Kh1 Kh8 16. Nf3 Qc8 17. Qd2 Na7 18. Rad1 Bc6 19. Qd3 b5 20. e5 dxe5 21. Nxe5 Kg8 22. Nxc6 Nxc6 23. Rxe8+ Nxe8 24. axb5 Nb4 25. Qe4 Nd6 26. Qxb4 Rb8 27. Qc5 Qb7 28. bxa6 Qa8 29. Qd5 Qa7 30. Bg1 Qa8 31. Qxa8 Rxa8 32. a7 Nf5 33. g4 Nh4 34. Ba6 Be7 35. Bb7 Rxa7 36. Bxa7 Bd6 37. Rxd6 cxd6 38. Bb8 1-0

[Event "GRE-ch U12"]
[Site "Patras"]
[Date "2013.07.08"]
[Round "1.6"]
[White "Androutsopoulos Agiotatos, Vasilios"]
[Black "Kritsas, Vasileios"]
[Result "0-1"]
[WhiteElo "1614"]
[BlackElo "1353"]
[PlyCount "136"]
[EventDate "2013.07.08"]
[EventType "swiss"]
[EventRounds "9"]
[EventCountry "GRE"]
[SourceTitle "EXT 2024"]
[Source "ChessBase"]
[SourceDate "2023.10.10"]
[SourceVersion "1"]
[SourceVersionDate "2023.10.10"]
[SourceQuality "1"]

1. e4 e5 2. Nf3 Nc6 3. Bb5 d6 4. 0-0 Nf6 5. Re1 Bd7 6. c3 Be7 7. d4 exd4 8. cxd4 0-0 9. Nbd2 Qe8 10. Bd3 Bg4 11. h3 Bh5 12. g4 Bg6 13. d5 Ne5 14. Nf1 Qc8 15. N3h2 h6 16. Ng3 c6 17. dxc6 Qxc6 18. f4 Nxd3 19. Qxd3 Bd8 20. f5 Bh7 21. Bf4 Bb6+ 22. Kg2 Rad8 23. Rac1 Qd7 24. Nf3 Rfe8 25. Rcd1 Bc7 26. Nd4 a6 27. Qb3 b5 28. Kh2 Re7 29. Qc3 Rc8 30. Rc1 Ree8 31. Qd3 Rcd8 32. Rc6 Ra8 33. Rec1 Rec8 34. Qc3 Ne8 35. e5 dxe5 36. Bxe5 Bxe5 37. Rxc8 Bxd4 38. Qc6 Qxc8 39. Qxc8 Rxc8 40. Rxc8 Kf8 41. Ne4 Bxb2 42. Ra8 g6 43. Kg2 Be5 44. Nc5 Bd6 45. Ne4 Be7 46. f6 Bb4 47. g5 hxg5 48. Nxg5 Bg8 49. Ne4 a5 50. Kf3 g5 51. Nxg5 Bd2 52. Ne4 Bb4 53. Kf4 Bh7 54. h4 Bxe4 55. Kxe4 Bc3 56. Kf5 Bxf6 57. h5 a4 58. h6 Bc3 59. Rb8 b4 60. Rc8 Bb2 61. Rb8 Bc3 62. Ra8 b3 63. axb3 axb3 64. Rc8 b2 65. Rb8 Ke7 66. Ke4 Nf6+ 67. Kd3 Be5 68. Kc2 Bxb8 0-1

[Event "GRE-chT U16"]
[Site "Patras"]
[Date "2012.12.16"]
[Round "3.2"]
[White "Argyropoulos, Theodoros"]
[Black "Kritsas, Vasileios"]
[Result "0-1"]
[WhiteElo "1392"]
[BlackElo "1297"]
[PlyCount "68"]
[EventDate "2012.12.15"]
[EventType "team"]
[EventRounds "5"]
[EventCountry "GRE"]
[SourceTitle "EXT 2020"]
[Source "ChessBase"]
[SourceDate "2019.10.17"]
[SourceVersion "1"]
[SourceVersionDate "2019.10.17"]
[SourceQuality "1"]

1. e4 e5 2. Nf3 Nc6 3. d4 exd4 4. Bc4 Bc5 5. c3 dxc3 6. Bxf7+ Kxf7 7. Qd5+ Kf8 8. Qxc5+ Qe7 9. Qxc3 Qxe4+ 10. Be3 d6 11. 0-0 Nf6 12. Bg5 Qg6 13. Nbd2 h6 14. Bh4 Kf7 15. Nd4 Nxd4 16. Qxd4 Be6 17. Rac1 Rhc8 18. a3 Qg4 19. Bxf6 gxf6 20. Ne4 Qg7 21. f4 f5 22. Qxg7+ Kxg7 23. Ng3 c5 24. Rfe1 Re8 25. b4 b6 26. Nf1 cxb4 27. axb4 a5 28. bxa5 bxa5 29. Rc6 Rad8 30. Ra6 Bc4 31. Rxe8 Rxe8 32. Ng3 Bxa6 33. Nxf5+ Kf6 34. Nxd6 Re6 0-1